Alive for Five? (Movie Edition) Quiz Stats

Quiz Updated Dec 16, 2017

Also try: Gimme Five: Movies
Challenge
Share
Tweet
Embed
Score 0/20 Timer 04:00
7 Plays Today
Series More or Fewer % Correct
James Bond???
97.9%
Harry Potter???
96.6%
Back to the Future???
93.6%
Star Trek???
93.1%
Crocodile Dundee???
90.3%
The Fast and the Furious???
90.3%
Austin Powers???
89%
Rocky???
88.4%
Independence Day???
87.7%
Beverly Hills Cop???
87%
Series More or Fewer % Correct
The Conjuring???
84%
Jaws???
80.1%
Highlander???
79.7%
Nightmare on Elm Street???
74.9%
The Muppets???
74.2%
Lethal Weapon???
74%
Police Academy???
63%
Rambo???
62.6%
Planet of the Apes???
59.2%
Madea???
58.3%

You're not logged in!

Compare scores with friends on all Sporcle quizzes.
Sign Up with Email
OR
Log In

You Might Also Like...

Show Comments

Extras

Top Quizzes Today


Score Distribution

Your Account Isn't Verified!

In order to create a playlist on Sporcle, you need to verify the email address you used during registration. Go to your Sporcle Settings to finish the process.